Pundawar Manbur

محفوظ في:

المؤلفون الرئيسيون: Gunn, Robert G. (مؤلف), David, Bruno (مؤلف), Delannoy, Jean-Jacques (مؤلف), Smith, Benjamin (مؤلف), Finch, Damien (مؤلف), Unghangho, Augustine (مؤلف), Waina, Ian (مؤلف), Douglas, Leigh (مؤلف), Heaney, Pauline (مؤلف), Myers, Cecilia (مؤلف), Ouzman, Sven (مؤلف), Veth, Peter (مؤلف)

التنسيق: كتاب

منشور في: Oxford Archaeopress Publishing Ltd 2025

الوسوم: إضافة وسم

لا توجد وسوم, كن أول من يضع وسما على هذه التسجيلة!

رقم الطلب:

LEADER 01137namaa2200301 4500
001 9781805831471
003 UkOxAP
005 20260405155019.0
020 |a 9781805831488 
776 1 |x 9781805831471 
245 0 0 |a Pundawar Manbur 
100 1 |a Gunn, Robert G.  |e Author  |l English 
700 1 |a David, Bruno  |e Author  |l English 
700 1 |a Delannoy, Jean-Jacques  |e Author  |l English 
700 1 |a Smith, Benjamin  |e Author  |l English 
700 1 |a Finch, Damien  |e Author  |l English 
700 1 |a Unghangho, Augustine  |e Author  |l English 
700 1 |a Waina, Ian  |e Author  |l English 
700 1 |a Douglas, Leigh  |e Author  |l English 
700 1 |a Heaney, Pauline  |e Author  |l English 
700 1 |a Myers, Cecilia  |e Author  |l English 
700 1 |a Ouzman, Sven  |e Author  |l English 
700 1 |a Veth, Peter  |e Author  |l English 
856 4 2 |a http://library.arce.org:8087/Archaeopress/Products/9781805831488 
260 |a Oxford  |b Archaeopress Publishing Ltd  |c 2025 
270 |a Archaeopress Publishing Ltd, Summertown Pavillion, 18 -24 Middle Way, Summertown  |b Oxford  |d United Kingdom  |e OX2 7LG  |k 44-1865-311914  |m info@archaeopress.com 
942 |2 lcc  |c EBOOK 
999 |c 62164  |d 62164